|
|
|
|
| LEADER |
01887pam a22004337a 4500 |
| 001 |
AALTaylor&Francisebook000018 |
| 003 |
BD-DhAAL |
| 005 |
20230911114145.0 |
| 006 |
m||||||||d|||||||| |
| 007 |
cr|||||||||||| |
| 008 |
220110t2012\\\\flua\\\\ob\\\\001\0\eng\d |
| 010 |
|
|
|a 2011034358
|
| 020 |
|
|
|a 9781439871218
|
| 020 |
|
|
|a 9780429251375
|
| 020 |
|
|
|z 9781439871201
|
| 035 |
|
|
|a (OCoLC)776600429
|
| 040 |
|
|
|a DLC
|c DLC
|d YDX
|d BTCTA
|d YDXCP
|d VRC
|d DLC
|d BD-DhAAL
|
| 042 |
|
|
|a pcc
|
| 050 |
0 |
0 |
|a HV551.2
|b .P75 2012
|
| 082 |
0 |
0 |
|a 363.34
|2 23
|
| 245 |
0 |
0 |
|a Principles of emergency management
|h [electronic resource] :
|b hazard specific issues and mitigation strategies /
|c edited by Michael J. Fagel.
|
| 260 |
|
|
|a Boca Raton :
|b CRC Press/Taylor & Francis Group,
|c c2012.
|
| 300 |
|
|
|a 1 online resource (xxxviii, 547 pages)
|
| 500 |
|
|
|a <strong>Off-Campus Access:</strong> Athens ID and Password Required
|
| 500 |
|
|
|a <strong>On-Campus Access:</strong> No User ID or Password Required
|
| 500 |
|
|
|a Access type: Perpetual access
|
| 504 |
|
|
|a Includes bibliographical references and index.
|
| 526 |
|
|
|a ARC
|x Dr. Imon Chowdhooree
Assistant Professor
|
| 538 |
|
|
|a Mode of access: Internet
|
| 541 |
|
|
|a Taylor & Francis
|h USD 153,00
|
| 650 |
|
0 |
|a Emergency management.
|9 44653
|
| 650 |
|
0 |
|a Crisis management.
|9 44654
|
| 655 |
|
|
|a Electronic books.
|
| 700 |
1 |
|
|a Fagel, Michael J.
|9 44656
|
| 852 |
|
|
|a Ayesha Abed Library
|
| 856 |
|
|
|z Full text available on Taylor & Francis
|u https://www.taylorfrancis.com/books/9781439871218
|
| 942 |
|
|
|2 ddc
|c EBK
|
| 999 |
|
|
|c 43425
|d 43425
|
| 952 |
|
|
|0 0
|1 0
|2 ddc
|4 0
|6 363_340000000000000_PRI
|7 0
|9 69691
|a BRACUL
|b BRACUL
|d 2022-01-10
|e Taylor & Francis
|g 13071.12
|l 0
|o 363.34 PRI
|r 2022-01-10
|t 1
|w 2022-01-10
|y EBK
|x As discussed with Acquisition team, according to invoice date (12.01.2022) of the ebook, converted USD 135.00 to BDT 13071.12
|